|
|
|
|
| LEADER |
03128nam a2200565 4500 |
| 001 |
978-3-319-92881-4 |
| 003 |
DE-He213 |
| 005 |
20191029032043.0 |
| 007 |
cr nn 008mamaa |
| 008 |
180925s2019 gw | s |||| 0|eng d |
| 020 |
|
|
|a 9783319928814
|9 978-3-319-92881-4
|
| 024 |
7 |
|
|a 10.1007/978-3-319-92881-4
|2 doi
|
| 040 |
|
|
|d GrThAP
|
| 050 |
|
4 |
|a GB3-5030
|
| 072 |
|
7 |
|a RB
|2 bicssc
|
| 072 |
|
7 |
|a SCI019000
|2 bisacsh
|
| 072 |
|
7 |
|a RB
|2 thema
|
| 072 |
|
7 |
|a TQ
|2 thema
|
| 082 |
0 |
4 |
|a 550
|2 23
|
| 245 |
1 |
0 |
|a Climate Change Risks in Brazil
|h [electronic resource] /
|c edited by Carlos A. Nobre, Jose A. Marengo, Wagner R. Soares.
|
| 250 |
|
|
|a 1st ed. 2019.
|
| 264 |
|
1 |
|a Cham :
|b Springer International Publishing :
|b Imprint: Springer,
|c 2019.
|
| 300 |
|
|
|a XVIII, 226 p. 90 illus.
|b online resource.
|
| 336 |
|
|
|a text
|b txt
|2 rdacontent
|
| 337 |
|
|
|a computer
|b c
|2 rdamedia
|
| 338 |
|
|
|a online resource
|b cr
|2 rdacarrier
|
| 347 |
|
|
|a text file
|b PDF
|2 rda
|
| 505 |
0 |
|
|a 1. Introduction.-2. Assessment of Warming Projections and Probabilities for Brazil -- 3. Agricultural Sector -- 4. Health Sector -- 5. Biodiversity Sector -- 6. Energy Sector -- 7. Final Remarks and Recommendations -- Glossary.
|
| 520 |
|
|
|a This book maps extreme temperature increase under dangerous climate change scenarios in Brazil and their impacts on four key sectors: agriculture, health, biodiversity and energy. The book draws on a careful review of the literature and climate projections, including relative risk estimates. This synthesis summarizes the state-of-the-art knowledge and provides decision-makers with risk analysis tools, to be incorporated in public planning policy, in order to understand climate events which may occur and which may have significant consequences. .
|
| 650 |
|
0 |
|a Physical geography.
|
| 650 |
|
0 |
|a Climate change.
|
| 650 |
|
0 |
|a Biodiversity.
|
| 650 |
|
0 |
|a Agriculture.
|
| 650 |
|
0 |
|a Environmental health.
|
| 650 |
1 |
4 |
|a Earth System Sciences.
|0 http://scigraph.springernature.com/things/product-market-codes/G35000
|
| 650 |
2 |
4 |
|a Climate Change/Climate Change Impacts.
|0 http://scigraph.springernature.com/things/product-market-codes/313000
|
| 650 |
2 |
4 |
|a Biodiversity.
|0 http://scigraph.springernature.com/things/product-market-codes/L19031
|
| 650 |
2 |
4 |
|a Agriculture.
|0 http://scigraph.springernature.com/things/product-market-codes/L11006
|
| 650 |
2 |
4 |
|a Environmental Health.
|0 http://scigraph.springernature.com/things/product-market-codes/U18005
|
| 700 |
1 |
|
|a Nobre, Carlos A.
|e editor.
|4 edt
|4 http://id.loc.gov/vocabulary/relators/edt
|
| 700 |
1 |
|
|a Marengo, Jose A.
|e editor.
|4 edt
|4 http://id.loc.gov/vocabulary/relators/edt
|
| 700 |
1 |
|
|a Soares, Wagner R.
|e editor.
|4 edt
|4 http://id.loc.gov/vocabulary/relators/edt
|
| 710 |
2 |
|
|a SpringerLink (Online service)
|
| 773 |
0 |
|
|t Springer eBooks
|
| 776 |
0 |
8 |
|i Printed edition:
|z 9783319928807
|
| 776 |
0 |
8 |
|i Printed edition:
|z 9783319928821
|
| 776 |
0 |
8 |
|i Printed edition:
|z 9783030065386
|
| 856 |
4 |
0 |
|u https://doi.org/10.1007/978-3-319-92881-4
|z Full Text via HEAL-Link
|
| 912 |
|
|
|a ZDB-2-EES
|
| 950 |
|
|
|a Earth and Environmental Science (Springer-11646)
|